| 000 | 01086nam a22002177a 4500 | ||
|---|---|---|---|
| 999 |
_c6598 _d6598 |
||
| 003 | AR-CdUCM | ||
| 008 | 190318b ||||| |||| 00| 0 spa d | ||
| 040 |
_aMUNICIPALIDAD PROVINCIAL DEL CUSCO _cBIBLIOTECA MUNICIPAL DEL CUSCO |
||
| 082 |
_a603 / _bED24 |
||
| 110 |
_aEDISAN, S.A. _918567 |
||
| 245 | _aMedicina Natural / | ||
| 260 |
_aMadrid : _bEdisan S.A. , _c1987. |
||
| 300 |
_a18 tómos _c27.6 cm. |
||
| 440 |
_aMedicina Natural _918568 |
||
| 505 | _aContenido : t.1: Hierbas curativas (plantas herbáceas) -- t.2: Alimentación y cocina Natural -- t.3: Reumatismo, artrosis y lumbalgias -- t.4: Hierbas Curativas - Plantas Perennes y Arbustos -- t.8: La curación por la fruta y la verdura -- t.9: Las plantas medicinales t.14: La homeopatia -- t.17: La curación por el agua (hidroterapia y crenoterapia)-- 18: Miel, jalea, polen y própolis --t.19: Limón, ajo y cebolla -- t.20: Infartos y trastornos circulatorios. | ||
| 650 |
_aMedicina Natural _918569 |
||
| 650 |
_aMedicina Alternativa _918570 |
||
| 650 |
_aHervoristeria _918571 |
||
| 942 |
_2ddc _cLIBROS |
||
| 945 | _artm | ||